Fictional Characters by Picture - S - Statistics

General Stats
  • This quiz has been taken 67,777 times
    44,629 since last reset
  • The average score is 14 of 20
Answer Stats
Picture Hint Answer % Correct
Shrek
98%
SpongeBob SquarePants
97%
Sherlock Holmes
96%
Simba
96%
Scooby Doo
94%
Sonic the Hedgehog
94%
Snoopy
90%
Severus Snape
87%
Spock
75%
Stewie Griffin
72%
Smurfette
67%
Scrooge McDuck
66%
Samwise Gamgee
64%
Sarah Connor
48%
Sweeney Todd
45%
Sandy Olsson
44%
Sisyphus
43%
Sub-Zero
31%
Scarlett O'Hara
25%
Hint: Cervantes Sancho Panza
23%
No matching quizzes found
Score Distribution
Percent of People with Each Score
Percentile by Number Answered
Your Score History
You have not taken this quiz since the last reset